| 000 | 00680nam a22002657a 4500 | ||
|---|---|---|---|
| 003 | DEla salle | ||
| 005 | 20140310182941.0 | ||
| 008 | 130204t xxu||||| |||| 00| 0 eng d | ||
| 020 | _a9789712723629 | ||
| 050 |
_aLB2395 _b.R0744 2010 |
||
| 082 |
_aFIL 808.0668 _bR744 2010 |
||
| 245 |
_aCollege reading and writing _cRoldan, Aurora H. |
||
| 260 |
_aPasig City _bAnvil Pub. _cc2010 |
||
| 300 |
_a293 p. : _c26 cm. _b ill. |
||
| 521 | _acollege students | ||
| 526 | _c1210L-1700L | ||
| 541 | _j1 | ||
| 541 | _j2 | ||
| 541 | _j3 | ||
| 541 | _j4 | ||
| 541 | _j5 | ||
| 541 | _j6 | ||
| 562 | _e6 | ||
| 942 |
_2lcc _cBK _kFIL |
||
| 999 |
_c17730 _d17730 |
||